=LDR 00000nam 2200000 4500 =001 INLIS000000000031724 =005 20130612133759 =008 ***********************************ind** =035 ##$$a0010-061300000031724 =041 ##$$a ind =082 ##$$a 371.27 =090 ##$$a 371.27, Pan p =245 ##$$a Panduan SNMPTN 2010, Tim Studi Guru SNMPTN-IPS =260 ##$$a 2009 $b Bandung =300 ##$$a 220 hlm., 32 cm =650 ##$$a UJIAN - SOAL PERGURUAN TINGGI =850 ##$$a NBPNMAT =990 ##$$a 0482/PN/2014